书目信息 |
| 题名: |
可再生能源的电气技术
|
|
| 作者: | 古德斯塔尔 著 ;郑青阳 , 赵铭姝 译 | |
| 分册: | ||
| 出版信息: | 北京 机械工业出版社 2016.10 |
|
| 页数: | 15,320页 | |
| 开本: | 24cm | |
| 丛书名: | 国际制造业先进技术译丛 | |
| 单 册: | ||
| 中图分类: | TK01 | |
| 科图分类: | ||
| 主题词: | 再生能源--电工技术 | |
| 电子资源: | ||
| ISBN: | 978-7-111-54588-0 | |
| 000 | 01244oam2 2200325 450 | |
| 001 | 0100004097 | |
| 005 | 20161025095012.3 | |
| 010 | @a978-7-111-54588-0@dCNY99.00 | |
| 100 | @a20161025d2016 em y0chiy50 ea | |
| 101 | 1 | @achi@ceng |
| 102 | @aCN@b110000 | |
| 105 | @aak z 000yy | |
| 106 | @ar | |
| 200 | 1 | @a可再生能源的电气技术@Ake zai sheng neng yuan de dian qi ji shu@f(美)加里·古德斯塔尔(Gary Goodstal)著@g郑青阳,赵铭姝译 |
| 210 | @a北京@c机械工业出版社@d2016.10 | |
| 215 | @a15,320页@c图@d24cm | |
| 225 | 2 | @a国际制造业先进技术译丛 |
| 305 | @a由圣智学习出版公司授权出版 | |
| 312 | @a封面英文题名:Electrical theory for renewable energy | |
| 330 | @a本书介绍了电路理论的基本概念和原理,讨论了电池、逆变器、控制器等广泛应用于可再生能源发电系统的设备,重点对光伏太阳能发电、风力发电和燃料电池技术进行了讲解。 | |
| 333 | @a电气技术人员 | |
| 410 | 0 | @12001 @a国际制造业先进技术译丛 |
| 510 | 1 | @aElectrical theory for renewable energy@zeng |
| 606 | 0 | @a再生能源@x电工技术 |
| 690 | @aTK01@v5 | |
| 701 | 1 | @c(美)@a古德斯塔尔@Agu de si ta er@c(Goodstal, Gary)@4著 |
| 702 | 0 | @a郑青阳@Azheng qing yang@4译 |
| 702 | 0 | @a赵铭姝@Azhao ming shu@4译 |
| 801 | 0 | @aCN@c201701015 |
| 905 | @a河南城建学院图书馆@dTK01@eG441 | |
| 可再生能源的电气技术/(美)加里·古德斯塔尔(Gary Goodstal)著/郑青阳,赵铭姝译.-北京:机械工业出版社,2016.10 |
| 15,320页:图;24cm.-(国际制造业先进技术译丛) |
| 使用对象:电气技术人员 |
| ISBN 978-7-111-54588-0:CNY99.00 |
| 本书介绍了电路理论的基本概念和原理,讨论了电池、逆变器、控制器等广泛应用于可再生能源发电系统的设备,重点对光伏太阳能发电、风力发电和燃料电池技术进行了讲解。 |
| ● |
| 相关链接 |
|
|
|
正题名:可再生能源的电气技术
索取号:TK01/G441
 
预约/预借
| 序号 | 登录号 | 条形码 | 馆藏地/架位号 | 状态 | 备注 |
| 1 | 1363026 | 213630267 | 自科库501/501自科库 135排6列5层/ [索取号:TK01/G441] | 在馆 | |
| 2 | 1363027 | 213630276 | 自科库501/501自科库 135排6列5层/ [索取号:TK01/G441] | 在馆 |